header

Transforming Damascus (Record no. 72787)

MARC details
000 -LEADER
fixed length control field 01403nam a2200349Ia 4500
100 1# - MAIN ENTRY--AUTHOR NAME
Personal name Hudson, Leila.
245 10 - TITLE STATEMENT
Title Transforming Damascus
260 ## - PUBLICATION, DISTRIBUTION, ETC. (IMPRINT)
Place of publication London ;
-- New York :
Name of publisher Tauris Academic Studies,
Year of publication 2008.
300 ## - PHYSICAL DESCRIPTION
Number of Pages x, 188 p. :
Other physical details ill.
490 1# - SERIES STATEMENT
Series statement Library of Middle East history ;
650 #0 - SUBJECT ADDED ENTRY--TOPICAL TERM
Topical Term Social sciences
856 40 - ELECTRONIC LOCATION AND ACCESS
Uniform Resource Identifier http://site.ebrary.com/lib/rucke/Doc?id=10289938

No items available.

© 2026 Rongo University
Contact us: librarian | system librarian | Rongo university